| 000 | 00542cam a2200193ua 4500 | ||
|---|---|---|---|
| 020 |
_a9788178086446 _c250.00 |
||
| 041 |
_aeng _h |
||
| 082 |
_a620.00151535 _bCHA/IN |
||
| 100 | _aChandrupatla, Tirupathi R . | ||
| 245 |
_aIntroduction to finite elements in engineering / _cTirupathi R Chandrupatla. _hTextual Documents |
||
| 250 |
_a3 / _b. |
||
| 260 |
_a : _bPearson Education Asia , _c2004. |
||
| 300 | _a455 ; . | ||
| 365 | _a250.00 | ||
| 504 | _a | ||
| 700 | 1 | _aBelegundu, Ashok D . | |
| 942 | _cBK | ||
| 999 |
_c12361 _d12361 |
||